| 000 | 00871nam a2200217Ia 4500 | ||
|---|---|---|---|
| 999 |
_c55870 _d55870 |
||
| 001 | 22968 | ||
| 003 | GE_BSU | ||
| 005 | 20230609130459.0 | ||
| 008 | 181216s ||||ge |||||||||||||| ||geo|| | ||
| 040 | _cGE_BSU | ||
| 041 | _ageo | ||
| 080 | _a821.353.1.09 გ-23 | ||
| 100 |
_aგაჩეჩილაძე, გიორგი _918588 |
||
| 245 |
_aსულიერი გამოცდილების სამყაროში / _cგიორგი გაჩეჩილაძე ; რედ. ნ. ახალკაცი. |
||
| 264 |
_aთბილისი : _bმერანი, _c1986. |
||
| 300 |
_a358 გვ. ; _c22 სმ. |
||
| 541 | _h6 ლ. | ||
| 653 | _aსულიერი გამოცდილების სამყაროში | ||
| 700 |
_aახალკაცი, ნ. _eრედაქტორი _96363 |
||
| 942 |
_cBK _2udc |
||